[Event "Wattens op 13th"]
[White "Kuba, Guenter"]
[Black "Seywald, Johann"]
[Site "Wattens"]
[Round "1"]
[Result "1-0"]
[Date "1998.??.??"]
[WhiteElo "2235"]
[BlackElo "1680"]
[PlyCount "41"]
[EventDate "1998.??.??"]
[EventType "swiss"]
[EventRounds "9"]
[EventCountry "AUT"]
[SourceTitle "EXT 2000"]
[Source "ChessBase"]
[SourceDate "1999.11.16"]
[SourceVersion "1"]
[SourceVersionDate "1999.11.16"]
[SourceQuality "1"]

1. e4 g6 2. d4 Bg7 3. Nf3 d5 4. Nc3 Bg4 5. Be3 e6 6. exd5 exd5 7. h3 Bxf3 8. Qxf3 Nf6 9. g4 c6 10. 0-0-0 b5 11. Bd3 a5 12. Rde1 0-0 13. h4 a4 14. h5 b4 15. Ne2 Re8 16. Ng3 Ne4 17. hxg6 hxg6 18. Bxe4 dxe4 19. Nxe4 Bxd4 20. Bxd4 Qxd4 21. Nf6+ 1-0

[Event "Wattens op 13th"]
[White "Seywald, Johann"]
[Black "Kondrak, Christof"]
[Site "Wattens"]
[Round "4"]
[Result "0-1"]
[Date "1998.??.??"]
[WhiteElo "1680"]
[BlackElo "2145"]
[PlyCount "88"]
[EventDate "1998.??.??"]
[EventType "swiss"]
[EventRounds "9"]
[EventCountry "AUT"]
[SourceTitle "EXT 2000"]
[Source "ChessBase"]
[SourceDate "1999.11.16"]
[SourceVersion "1"]
[SourceVersionDate "1999.11.16"]
[SourceQuality "1"]

1. g3 d5 2. Bg2 c6 3. a3 Nf6 4. d4 e6 5. Bg5 Be7 6. e3 Nbd7 7. Nd2 0-0 8. Ngf3 b6 9. 0-0 c5 10. c3 Ba6 11. Re1 Bd3 12. Ne5 Nxe5 13. dxe5 Nd7 14. Bxe7 Qxe7 15. e4 Rad8 16. exd5 exd5 17. f4 Nb8 18. Qg4 f6 19. exf6 Qxf6 20. Re5 d4 21. Ne4 Bxe4 22. Bxe4 dxc3 23. bxc3 Nd7 24. Re6 Qxc3 25. Rf1 Nf6 26. Qf3 Nxe4 27. Rxe4 Qxf3 28. Rxf3 Rfe8 29. Rc4 Re2 30. Rc1 Rdd2 31. h4 h5 32. Kf1 Rc2 33. Rd1 Rh2 34. Kg1 Rhd2 35. Rb1 Kf7 36. Re3 Re2 37. Reb3 Kf6 38. a4 Ra2 39. Rd3 Rxa4 40. Rd6+ Kf5 41. Rd5+ Kg4 42. Rg5+ Kh3 43. Rxg7 Raa2 44. Kf1 Rh2 0-1

[Event "Wattens op 13th"]
[White "Volf, Rudolf"]
[Black "Seywald, Johann"]
[Site "Wattens"]
[Round "9"]
[Result "0-1"]
[Date "1998.??.??"]
[WhiteElo "1660"]
[BlackElo "1680"]
[PlyCount "72"]
[EventDate "1998.??.??"]
[EventType "swiss"]
[EventRounds "9"]
[EventCountry "AUT"]
[SourceTitle "EXT 2000"]
[Source "ChessBase"]
[SourceDate "1999.11.16"]
[SourceVersion "1"]
[SourceVersionDate "1999.11.16"]
[SourceQuality "1"]

1. c4 g6 2. Nc3 Bg7 3. g3 c5 4. Bg2 Nc6 5. Nf3 Nf6 6. 0-0 d6 7. d3 0-0 8. Bd2 a6 9. Qc1 Rb8 10. Bh6 e5 11. Bxg7 Kxg7 12. Nd5 h6 13. a3 Be6 14. Nxf6 Qxf6 15. Rb1 Bg4 16. Qd2 Bxf3 17. Bxf3 Nd4 18. Bd5 b6 19. b4 h5 20. f4 Rbe8 21. e3 Nf5 22. Be4 exf4 23. Rxf4 Qg5 24. Bxf5 gxf5 25. bxc5 bxc5 26. Rb6 Re6 27. Rb1 h4 28. Kg2 Rh8 29. Qc3+ f6 30. d4 hxg3 31. hxg3 Qh5 32. Re1 Qh2+ 33. Kf1 Qxg3 34. Rxf5 Rh1+ 35. Ke2 Rxe1+ 36. Kd2 R6xe3 0-1